Fundamentals of library suprvision

Saved in:
Bibliographic Details
Format: Book
Tags: Add Tag
No Tags, Be the first to tag this record!
Call Number :

MARC

LEADER 00000pam a2200000 4500
001 27994
003 MY-KLNDU
005 20241218082435.0
020 0 0 |a 9788184082340 
035 |a 0000039431 
039 9 |a 200911181259  |b VLOAD  |y 200910091806  |z VLOAD 
245 0 0 |a Fundamentals of library suprvision 
591 |a 0000010083  |b 11/06/09  |c 0200-07  |d 1  |e RM139.13  |f 1  |g 139.13  |h Harmoni Publications & Distributors Sdn. Bhd. 
999 |a vtls000037774  |c 27994  |d 27994